000 00217nam a22000857a 4500
008 170527b xxu||||| |||| 00| 0 eng d
100 _93165
_aKoshyz.S.
245 _aComputer information
260 _aNew delhi
_bCordova
_c2010
999 _c6468
_d6468